|
|
|
|
| LEADER |
00000nab a2200000 a 4500 |
| 001 |
vtls008838677 |
| 003 |
SK-MaSNL |
| 005 |
20260305021341.0 |
| 008 |
250505c2006 xo |||| | abh 000 b|slo |
| 015 |
|
|
|a SNBRB2006/08
|2 snkbucl
|
| 035 |
|
|
|a urn:nbn:sk:snk-ab8d57
|
| 035 |
|
|
|a (urnnbn)urn:nbn:sk:snk:ar-a084rd
|
| 035 |
|
|
|a (uuid)7a4bab65-243d-492d-aa59-2c39a3c0cdc3
|
| 038 |
|
|
|a SNKBUCL
|
| 040 |
|
|
|a SNKBUCL
|b slo
|c SNKBUCL
|e AACR2
|
| 041 |
0 |
|
|a slo
|
| 044 |
|
|
|a xo
|c SK
|
| 080 |
|
|
|a 94(437-6)-051
|x "18/19"
|2 1997
|
| 080 |
|
|
|a 355.354
|x (44)
|x "11914/1915"
|2 1997
|
| 080 |
|
|
|a 94(44):355
|x "18/19"
|2 1997
|
| 080 |
|
|
|a 355/359
|x (44)
|x "18/19"
|2 1997
|
| 080 |
|
|
|a 94(100)"1914/1918":355.48
|2 1997
|
| 080 |
|
|
|a 355.489
|x (497.11)
|x "1915"
|2 1997
|
| 080 |
|
|
|a 94(497.11)
|x "1915"
|2 1997
|
| 080 |
|
|
|a 94(44)
|x "1914/1915"
|2 1997
|
| 100 |
1 |
|
|a Kšiňan, Michal,
|d 1983-
|4 aut
|9 115142
|
| 245 |
1 |
0 |
|a Milan Rastislav Štefánik a francúzska letecká misia v Srbsku
|c Michal Kšiňan
|
| 600 |
1 |
7 |
|a Štefánik, Milan Rastislav,
|d 1880-1919
|2 SNKMA
|9 86219
|
| 648 |
|
7 |
|a 1914-1915
|2 SNK
|9 418811
|
| 648 |
|
7 |
|a 1915
|2 SNK
|9 335596
|
| 650 |
0 |
7 |
|a prvá svetová vojna (1914-1918)
|2 SNKPH
|9 162650
|
| 651 |
|
7 |
|a Srbsko
|x dejiny
|2 SNKPHgeo
|9 22562
|
| 651 |
|
7 |
|a Francúzsko
|2 SNKPHgeo
|9 15907
|
| 655 |
|
7 |
|a štúdie
|2 SNK
|9 57033
|
| 773 |
0 |
|
|t Vojenská história
|g Roč. 10, č. 1 (2006), s. 46-56
|x 1335-3314
|
| 850 |
|
|
|a Slovenská národná knižnica
|
| 852 |
|
|
|a Slovenská národná knižnica
|
| 954 |
|
|
|a odborná, vedecká literatúra pôvodná (slovenská)
|2 lita
|
| 958 |
|
|
|a article9
|
| 958 |
|
|
|a OND
|
| 958 |
|
|
|a NB
|
| 958 |
|
|
|a FR
|
| 958 |
|
|
|a BX
|
| 958 |
|
|
|a YU
|
| 958 |
|
|
|a EUIPO
|
| 999 |
|
|
|c 3285313
|d 3287243
|